| 000 | 00584cam a22002052 4500 | ||
|---|---|---|---|
| 001 | 0000004185 | ||
| 005 | 20151217145757.0 | ||
| 008 | 070521s xx 000 0 eng d | ||
| 020 |
_a8120318056 : _cKES 2,600 |
||
| 040 |
_aKABU _cKABU |
||
| 050 | 0 |
_aQA76.76 _b.H94P37 |
|
| 100 | 1 |
_aPardi, William J. _@0000154610 |
|
| 245 | 1 | 0 | _aXML in action. |
| 260 |
_aNew Delhi : _bPrentice-Hall of India, _c1999. |
||
| 300 | _axii, 329 p. | ||
| 650 | 0 |
_aXML (Document markup language) _@0000154490 |
|
| 908 | _a070521 | ||
| 950 | _@1 | ||
| 999 |
_c2516 _d2516 |
||